Situación y perspectiva de las bibliotecas y centros de documentación en la educación superior dominicana-mesas de trabajo de la SEECSyT (Record no. 8340)

MARC details
000 -LEADER
campo de control de longitud fija 00509nam a2200133Ia 4500
001 - NÚMERO DE CONTROL
campo de control 384
008 - DATOS DE LONGITUD FIJA--INFORMACIÓN GENERAL
campo de control de longitud fija 241024s9999 xx 000 0 und d
082 ## - NÚMERO DE LA CLASIFICACIÓN DECIMAL DEWEY
Número de clasificación RD/378.97293/R426s
100 ## - ENTRADA PRINCIPAL--NOMBRE DE PERSONA
Nombre de persona República Dominicana.Secretaría de Estado de Educación Superior, Ciencia y Tecnología
245 #0 - MENCIÓN DEL TÍTULO
Título Situación y perspectiva de las bibliotecas y centros de documentación en la educación superior dominicana-mesas de trabajo de la SEECSyT
260 ## - PUBLICACIÓN, DISTRIBUCIÓN, ETC.
Nombre del editor, distribuidor, etc. Manatí
Fecha de publicación, distribución, etc. 2006
901 ## - ELEMENTOS DE DATOS A LOCAL LDA (RLIN)
a 9/11/2010 8:18:06 a.m.

No items available.

© 2024. Todos los Derechos Reservados. Desarrollado por IDEICE